header

Severe and enduring eating disorder (SEED) (Record no. 64836)

MARC details
000 -LEADER
fixed length control field 01731nam a2200325 a 4500
082 04 - DEWEY DECIMAL CLASSIFICATION NUMBER
Classification number 616.85/26206
100 1# - MAIN ENTRY--AUTHOR NAME
Personal name Robinson, Paul H.,
245 10 - TITLE STATEMENT
Title Severe and enduring eating disorder (SEED)
260 ## - PUBLICATION, DISTRIBUTION, ETC. (IMPRINT)
Place of publication Chichester, West Sussex ;
-- Malden, Mass. :
Name of publisher Wiley-Blackwell,
Year of publication 2009.
300 ## - PHYSICAL DESCRIPTION
Number of Pages xv, 168 p. :
Other physical details ill.
505 0# - FORMATTED CONTENTS NOTE
Formatted contents note Psychiatric issues in the assessment and management of SEED -- Medical dilemmas -- Social and occupational aspects -- Family life with SEED -- The care programme approach and seed -- A pilot case series using qualitative and quantitative methods : biological, psychological, and social outcome in severe and enduring eating disorder (anorexia nervosa) -- A comparison of SEED with schizophrenia -- 99 research ideas.
650 #0 - SUBJECT ADDED ENTRY--TOPICAL TERM
Topical Term Eating disorders
856 40 - ELECTRONIC LOCATION AND ACCESS
Uniform Resource Identifier http://site.ebrary.com/lib/rucke/Doc?id=10298069

No items available.

© 2026 Rongo University
Contact us: librarian | system librarian | Rongo university